| 000 | 00757cam a2200229 a 4500 | ||
|---|---|---|---|
| 001 | 958968 | ||
| 005 | 20240202002817.0 | ||
| 008 | 850710s1984 enk b 000 0aeng | ||
| 020 | _a0860910830 : | ||
| 020 | _a0860917886 (pbk.) : | ||
| 040 |
_aDLC _cDLC _dDLC |
||
| 082 | 0 | 0 |
_a305. _b19 _cMEN. |
| 100 | 1 | _aMenchú, Rigoberta. | |
| 245 | 1 | 0 |
_aI, Rigoberta Menchú : _ban Indian woman in Guatemala / _cedited and introduced by Elisabeth Burgos-Debray ; translated by Ann Wright. |
| 260 |
_aLondon : _bVerso, _c1984. |
||
| 300 | _axxi, 251 p. ; | ||
| 500 | _aTranslation of: Me llamo Rigoberta Menchú y así me nació la conciencia. | ||
| 650 | 0 | _aQuiché women | |
| 650 | 0 | _aWomen revolutionaries | |
| 700 | 1 |
_aBurgos-Debray, Elisabeth. _eedt |
|
| 942 | _cL | ||
| 999 |
_c265 _d265 |
||